02123 a2200181 45000010006000000050017000060080041000230030015000640400040000790800031001192450029001500200018001792640029001973000019002265051575002451000022018208560099018424741720260407155741.0260407a1980 arg spa dAR-UNSa-BCEJYS aAR-UNSa-BCEJYSbspacAR-UNSa-BCEJYS a330xEconomía en general10aEnsayos sobre economía a84-344-1995-5 1aBarcelona :bArielc1980 a329 p.c20 cm. aParte I: 1. Nota sobre la interpretación pluralista de la historia y el problema de la cooperación interdisciplinaria - 2. En qué casos debe escribirse la historia hacia atrás - 3. Las matemáticas en la teoría economía - 5. Teorización implícita: una crítica metodológica de la Nueva Escuela de Cambridge - 6. Significado de la economía marxiana para la teoría económica actual -- Parte II: 7. El supuesto fundamental de la teoría monetaria del desempleo de Keynes - 8. Postulados: la teoría general de Keynes y los clásicos - 9. La consistencia de la teoría clásica del dinero y de los precios - 10. La teoría pura del salario anual garantizado - 11. El uso de las curvas de indiferencia en el análisis del comercio internacional - 12. Los bienes compuestos y el problema de los números índice - 13. Introducción a una teoría de la estructura interna de las relaciones funcionales - 14. Ajuste retrasado de la oferta y equilibrio parcial - 15. Nota teórica sobre la referencia temporal, la productividad del capital, el estancamiento y el crecimiento económico -- Parte III: 16. Las máquinas y el hombre - 17. Las tasas de crecimiento económico a largo plazo y las transferencias de capital de las áreas desarrolladas a las subdesarrolladas - 18. Sobre la asignación de derechos de patente a los inventos realizados bajo contratos públicos de investigación - 19. Decadencia y progreso de la ciencia económica soviética - 20. Técnicas modernas para la planificación y la previsión económica. 1 aLeontief, Wassily41uhttps://www.biblioeco.unsa.edu.ar/pmb/images/libros/L127499.jpgyImagen de portadaqimage/jpeg